Family & kinship in modern society.

Bibliographic Details
Main Author: Farber, Bernard
Format: Book
Language:English
Published: Glenview, Ill. : Scott, Foresman, [1973]
Series:Scott, Foresman introduction to modern society series.
Subjects:

MARC

Tag First Indicator Second Indicator Subfields
LEADER 00000cam a2200000W 4500
001 in00000070256
005 20151008061649.0
008 730529s1973 ilu b 00100 eng
010 |a  72084788  
020 |a 0673059634 
035 |a (OCoLC)00640325 
035 |9 AAJ8551AM 
040 |a DLC  |c DLC  |d CHS  |d OCL  |d TXA  |d UtOrBLW 
043 |a n-us--- 
049 |a TXAM  |c [1017085] 
050 0 0 |a HQ536  |b .F38 
082 0 |a 301.42/0973 
096 |a HQ 728 F219f 1973 
100 1 |a Farber, Bernard. 
245 1 0 |a Family & kinship in modern society. 
264 1 |a Glenview, Ill. :  |b Scott, Foresman,  |c [1973] 
300 |a 179 pages ;  |c 22 cm. 
336 |a text  |b txt  |2 rdacontent 
337 |a unmediated  |b n  |2 rdamedia 
338 |a volume  |b nc  |2 rdacarrier 
490 1 |a Scott, Foresman introduction to modern society series 
504 |a Bibliography: pages [167]-174. 
650 0 |a Families  |z United States. 
650 0 |a Divorce  |z United States. 
650 2 |a Divorce  |z United States. 
650 2 |a Family  |z United States. 
650 2 |a Family Characteristics. 
830 0 |a Scott, Foresman introduction to modern society series. 
999 |a MARS 
999 f f |s 3cc48ca3-f6ad-37ed-a8e5-e78da7494b5c  |i 49a1add7-bea2-39e7-a73a-fe39991ec858  |t 0 
952 f f |p normal  |a Texas A&M University  |b College Station  |c Sterling C. Evans Library  |d Evans: Library Stacks  |t 0  |e HQ536 .F38  |h Library of Congress classification  |i unmediated -- volume  |m A14802958361 
998 f f |a HQ536 .F38  |t 0  |l Evans: Library Stacks